Günlerin kıyısından : (Kayıt no. 10350)

MARC ayrıntıları
000 -BAŞLIK
Sabit Uzunluktaki Kontrol Alanı 00827nam a22002537a 4500
003 - KONTROL NUMARASI KİMLİĞİ
Kontrol Alanı KOHA_MİRAKIL
005 - EN SON İŞLEM TARİHİ ve ZAMANI
Kontrol Alanı 20260428093143.0
008 - SABİT UZUNLUKTAKİ VERİ ÖGELERİ - GENEL BİLGİ
Sabit Alan 260427b tu ||||| |||| 00| 0 tur d
020 ## - ISBN - ULUSLARARASI STANDART KİTAP NUMARASI
Isbn 9786058805859
040 ## - KATALOGLAMA KAYNAĞI
Özgün Kataloglama Kurumu TR-AnABB
Kataloglama Dili tur
Çeviri Kurumu TR-AnABB
041 ## - DİL KODU
Metin ya da ses kaydının dil kodu tur
082 ## - DEWEY ONU SINIFLAMA SİSTEMİ
Sınıflama Numarası 814.42
Cutter numarası ASU 2019
100 1# - KİŞİ ADI
Yazar Adı (Kişi adı) Aşut, Atilla
245 10 - ESER ADI BİLDİRİMİ
Başlık Günlerin kıyısından :
Alt Eseradı vb. Trabzon yazıları /
Sorumluluk Bildirimi Atilla Aşut
246 ## - DEĞİŞİK BAŞLIK FORMU
Başlık uygun / kısa başlık Günlerin kıyısından
260 ## - YAYIN, DAĞITIM, VB.
Yayın Yeri Trabzon :
Yayınevi Kıyı dergisi yayınları,
Yayın Tarihi 2011
300 ## - FİZİKSEL TANIMLAMA
Sayfa, Cilt vb. 318 sayfa ;
Boyutları 20 cm
490 0# - DİZİ BİLDİRİMİ
Dizi Bildirimi Kıyı dergisi yayınları ;
Cilt Numarası 16
490 0# - DİZİ BİLDİRİMİ
Dizi Bildirimi Deneme, makale, inceleme ;
Cilt Numarası 8
500 ## - GENEL NOT
Genel Not Yazar tarafından Prof. Dr. Ruşen Keleş için imzalanmıştır.
650 04 - KONU BAŞLIĞI EK GİRİŞ - KONU TERİMİ
Konusal terim veya coğrafi ad Türk edebiyatı, deneme
900 ## - YEREL BİLGİ
Kontrol Can ÇELIK
942 ## - EK GİRİŞ ÖGELERİ (KOHA)
Sınıflama Kaynağı Dewey Decimal Classification
Materyal Türü Kitap
Mevcut
Geri Çekilme Durumu Kayıp Durumu Sınıflandırma Kaynağı Kredi için değil Kalıcı Konum Mevcut Konum Kayıt Tarih Toplam Ödünçverme Yer Numarası Demirbaş Numarası Son Görülme Tarihi Fatura Tarihi Materyal Türü
    Dewey Decimal Classification   Prof. Dr. Ruşen Keleş Kütüphanesi Prof. Dr. Ruşen Keleş Kütüphanesi 27/04/2026   814.42 ASU 2019 RK7256 27/04/2026 27/04/2026 Kitap